书目信息 |
| 书名: | Strangers to the shores | |
| 作者: | Vincent N.Parrillo. | |
| 分册号: | ||
| 分册名: | 出版地: | New York : |
|
| 出版社: | Free Press | |
| 出版时间: | 1994. | |
| 页数: | 622 p. ; | |
| 开本: | 20cm. | |
| 丛书名: | ||
| 中图分类号: | ||
| 科图分类号: | ||
| 其他分类号: | D771.262 | |
| 主题词: | ||
| 电子资源: | ||
| 000 | 00430nam 2200157 a 4500 | |
| 001 | E0258091129 | |
| 005 | 2002031916081113 | |
| 008 | 020319s1994 00010 eng | |
| 020 | @a0-02-391752-0@bhard :@cRMB 12.00. | |
| 040 | @aPFT@beng | |
| 090 | @aD771.262 | |
| 099 | @dD771.262@eP261 | |
| 245 | @aStrangers to the shores / @cVincent N.Parrillo. | |
| 250 | @a4th ed. | |
| 260 | @aNew York :@bFree Press,@c1994. | |
| 300 | @a622 p. ;@c20cm. | |
| Strangers to the shores / / Vincent N.Parrillo.-4th ed.-New York : : Free Press, , 1994. |
| 622 p. ; ; 20cm. |
| ISBN 0-02-391752-0hard :RMB 12.00. |
| ● |
| 相关链接 |
|
|
|
正题名:Strangers to the shores
索取号:D771.262/P261
 
预约/预借
| 序号 | 登录号 | 条形码 | 馆藏地/架位号 | 状态 | 备注 |
| 1 | 02161 | 300021615 | 社科库509/509社科库 53排2列6层/ [索取号:D771.262/P261] | 在馆 | |
| 2 | 02162 | 300021624 | 社科库509/509社科库 53排2列6层/ [索取号:D771.262/P261] | 在馆 |